Local Regulations of the Irish Land Agents' Committee of the Surveyors' Institution... (Record no. 119129)
[ view plain ]
| 000 -LEADER | |
|---|---|
| fixed length control field | 01065cas a22002295a 4500 |
| 001 - CONTROL NUMBER | |
| control field | L139805 |
| 008 - FIXED-LENGTH DATA ELEMENTS--GENERAL INFORMATION | |
| fixed length control field | 070809d1890 xxkar p 0 a0eng u |
| 035 ## - SYSTEM CONTROL NUMBER | |
| System control number | (Sirsi) u139805 |
| 041 0# - LANGUAGE CODE | |
| Language code of text/sound track or separate title | eng |
| 110 2# - MAIN ENTRY--CORPORATE NAME | |
| Corporate name or jurisdiction name as entry element | Surveyors' Institution |
| Subordinate unit | Irish Land Agents' Committee |
| 9 (RLIN) | 3784 |
| 245 00 - TITLE STATEMENT | |
| Title | Local Regulations of the Irish Land Agents' Committee of the Surveyors' Institution... |
| 260 ## - PUBLICATION, DISTRIBUTION, ETC. | |
| Place of publication, distribution, etc. | Dublin |
| Name of publisher, distributor, etc. | Irish Land Agents' Committee of the Surveyors' Institution |
| Date of publication, distribution, etc. | [189?]-[190?] |
| 362 0# - DATES OF PUBLICATION AND/OR SEQUENTIAL DESIGNATION | |
| Dates of publication and/or sequential designation | 1895-1899 |
| 520 ## - SUMMARY, ETC. | |
| Summary, etc. | Includes a list of office-bearers and members, a report of the outgoing Executive Committee and a statement of accounts. |
| 520 ## - SUMMARY, ETC. | |
| Summary, etc. | From it's establishment in 1890, until 1895, when it was incorporated with the Surveyors' Insttition, the organisation was known as the Irish Land Agents' Association. |
| 554 ## - | |
| -- | One per year |
| 651 #4 - SUBJECT ADDED ENTRY--GEOGRAPHIC NAME | |
| Geographic name | Ireland (Republic of) |
| Chronological subdivision | |
| 690 ## - LOCAL SUBJECT ADDED ENTRY--TOPICAL TERM (OCLC, RLIN) | |
| Topical term or geographic name as entry element | ENVIRONMENTAL AND LAND CONSULTANCY |
| 710 2# - ADDED ENTRY--CORPORATE NAME | |
| Corporate name or jurisdiction name as entry element | Irish Land Agents' Association |
| 785 00 - SUCCEEDING ENTRY | |
| Title | Report of the Outgoing Committee and Statement of Accounts |
| 942 ## - ADDED ENTRY ELEMENTS (KOHA) | |
| Suppress in OPAC | 0 |
| Withdrawn status | Lost status | Source of classification or shelving scheme | Damaged status | Not for loan | Home library | Current library | Shelving location | Date acquired | Total Checkouts | Full call number | Barcode | Date last seen | Price effective from | Koha item type |
|---|---|---|---|---|---|---|---|---|---|---|---|---|---|---|
| Dewey Decimal Classification | London | London | Basement | 09/08/2007 | CHARTERED SURVEYORS INSTITUTION IRISH... | 139805-1001 | 06/08/2019 | 06/08/2019 | Journal |